|
|
|
|
| LEADER |
00909nam a22002177a 4500 |
| 001 |
12969 |
| 003 |
BD-DhAAL |
| 005 |
20241101183422.0 |
| 008 |
141228s2005 bg ||||| |||| 00| 0 ben d |
| 040 |
|
|
|a BD-DhAAL
|c BD-DhAAL
|
| 082 |
|
|
|2 22
|a 891/.4416
|
| 100 |
|
|
|a রহমান, আতাউর
|9 6790
|
| 245 |
|
|
|a নজরুল জীবনে প্রেম ও বিরহ /
|c আতাউর রহমান.
|
| 260 |
|
|
|a ঢাকা :
|b শুভ্রা প্রকাশনী,
|c ১৯৯৭.
|
| 300 |
|
|
|a ৪৮ পৃষ্ঠা ;
|c ২২ সে.মি.
|
| 541 |
|
|
|e 12969
|
| 600 |
|
|
|a Nazrul Islam,
|c Kazi,
|d 1899-1976.
|9 6497
|
| 852 |
|
|
|a Ayesha Abed Library
|c General Stacks
|
| 942 |
|
|
|2 ddc
|c BK
|0 1
|
| 999 |
|
|
|c 33351
|d 33351
|
| 952 |
|
|
|0 0
|1 0
|2 ddc
|4 0
|6 891_441600000000000_RAH
|7 0
|9 44549
|a BRACUL
|b BRACUL
|c GEN
|d 2014-12-28
|g 40.00
|l 1
|m 5
|o 891.4416 RAH
|p 3010012969
|r 2015-11-01
|s 2015-09-17
|t 1
|w 2014-12-28
|y BK
|